Diplomatic Missions of Bolivia - Statistics

General Stats
  • This quiz has been taken 40 times
  • The average score is 76 of 107
Answer Stats
Mission Answer % Correct
Argentina
100%
Brazil
100%
Chile
100%
Embassy Lima
100%
Peru
100%
Consulate-General São Paulo
100%
Consulate Brasiléia
95%
Embassy Brasilia
95%
Embassy Buenos Aires
95%
Consulate-General Rio de Janeiro
95%
Russia
95%
Consulate-General Santiago
95%
Consulate-General Barcelona
90%
Embassy | Mission Brussels
90%
China
90%
Colombia
90%
Embassy Madrid
90%
Embassy Moscow
90%
Consulate-General | Permanent Mission New York City
90%
Paraguay
90%
Spain
90%
United States
90%
Uruguay
90%
Embassy Beijing
86%
Belgium
86%
Embassy Bogotá
86%
Canada
86%
Consulate Córdoba
86%
Cuba
86%
Ecuador
86%
France
86%
Italy
86%
Japan
86%
Mexico
86%
Embassy Mexico City
86%
Embassy Ottawa
86%
Panama
86%
Embassy Panama City
86%
Embassy | Permanent Mission Paris
86%
Embassy | Permanent Mission Rome
86%
Embassy Tokyo
86%
United Kingdom
86%
Venezuela
86%
Embassy | Permanent Mission Washington D.C.
86%
Embassy Berlin
81%
Embassy Caracas
81%
Costa Rica
81%
Germany
81%
Embassy Havana
81%
Consulate-General Los Angeles
81%
Consulate-General Milan
81%
Embassy Quito
81%
Austria
76%
Embassy | Permanent Mission Geneva
76%
India
76%
Embassy London
76%
Consulate-General Miami
76%
Embassy San José
76%
Embassy Vienna
76%
Embassy Asunción
71%
Consulate Houston
71%
Embassy | Permanent Mission Montevideo
71%
Netherlands
71%
Nicaragua
71%
Embassy Seoul
71%
South Korea
71%
Switzerland
71%
Embassy Managua
67%
Embassy New Delhi
67%
Embassy The Hague
67%
Consulate Valencia
67%
Consulate Bilbao
57%
Embassy Cairo
57%
Egypt
57%
Consulate Seville
57%
Vatican City
57%
Consulate Cusco
52%
Sweden
52%
Consulate Mendoza
48%
Consulate Rosario
48%
Embassy Stockholm
48%
Consulate-General Arica
38%
Vice-Consulate Palma de Mallorca
38%
Consulate Jujuy
33%
Consulate Puno
33%
Consulate Salta
33%
Consulate Antofagasta
29%
Consulate Corumbá
24%
Consulate Iquique
24%
Consulate Tacna
24%
Consulate Cáceres
19%
Consulate La Quiaca
19%
Consulate Murcia
19%
Consulate Guajará-Mirim
14%
Consulate Orán
14%
Consulate Pocito
14%
Consulate Viedma
14%
Consulate Calama
10%
Consulate Ilo
10%
No matching quizzes found
Score Distribution
Percent of People with Each Score
Percentile by Number Answered
Your Score History
You have not taken this quiz